| 000 | 00492cam a22002054a 4500 | ||
|---|---|---|---|
| 005 | 20250605164313.0 | ||
| 008 | 250528s ||||||||||||||||||||||||d | ||
| 035 | _a22576 | ||
| 020 | _a9781566860161 | ||
| 040 |
_aGR-AtMCL _bgre _dGR-AtMCL _eAACR2 |
||
| 245 | 1 | _aASSEMBLY LANGUAGE FOR THE PC | |
| 250 | _a1 | ||
| 260 |
_bBrady Publishing, _c1992 |
||
| 300 | _a644 | ||
| 700 | 1 |
_aNorton Peter _94473 |
|
| 700 | 1 |
_aSocha John _94474 |
|
| 942 | _cBK | ||
| 999 |
_c7624 _d7624 |
||